| Tag |
First Indicator |
Second Indicator |
Subfields |
| LEADER |
00000cam a2200000 i 4500 |
| 001 |
in00004098039 |
| 005 |
20211120103323.0 |
| 006 |
m o d f |
| 007 |
cr bn||||||ada |
| 008 |
141103s1886 dcu os f001 0 eng c |
| 035 |
|
|
|a (OCoLC)ocn894505573
|
| 040 |
|
|
|a OCLCE
|b eng
|e rda
|e pn
|c OCLCE
|d OCLCO
|d OCLCQ
|d GPO
|d MvI
|d UtOrBLW
|
| 042 |
|
|
|a dlr
|a pcc
|
| 043 |
|
|
|a n-us---
|
| 049 |
|
|
|a WWW
|
| 074 |
|
|
|a 9999 (online)
|
| 086 |
0 |
|
|a I 11.5:20
|
| 100 |
1 |
|
|a Weeks, Joseph D.
|q (Joseph Dame),
|d 1840-1896,
|e author.
|0 http://id.loc.gov/authorities/names/no90026049
|
| 245 |
1 |
0 |
|a Report on the statistics of wages in manufacturing industries :
|b with supplementary reports on the average retail prices of necessaries of life, and on trades societies, and strikes and lockouts /
|c by Jos. D. Weeks.
|
| 264 |
|
1 |
|a [Washington, D.C.] :
|b Department of the Interior :
|b Census Office,
|c [1886]
|
| 264 |
|
3 |
|a Washington :
|b Government Printing Office,
|c 1886.
|
| 300 |
|
|
|a 1 online resource (1 volume (various pagings))
|
| 336 |
|
|
|a text
|b txt
|2 rdacontent
|
| 337 |
|
|
|a computer
|b c
|2 rdamedia
|
| 338 |
|
|
|a online resource
|b cr
|2 rdacarrier
|
| 500 |
|
|
|a Includes index.
|
| 500 |
|
|
|a Publication pre-dates item numbers. No item number has been assigned.
|
| 500 |
|
|
|a At head of title: Department of the Interior, Census Office.
|
| 500 |
|
|
|a Volume 20 [of 22 volumes] of the Census reports of the 10th census.
|
| 588 |
|
|
|a Description based on online resource, PDF version; title from cover (Census, viewed Nov. 8, 2019).
|
| 650 |
|
0 |
|a Wages
|z United States
|v Statistics.
|
| 650 |
|
0 |
|a Prices
|z United States
|v Statistics.
|
| 650 |
|
0 |
|a Labor unions
|z United States
|v Statistics.
|
| 650 |
|
0 |
|a Strikes and lockouts
|z United States
|v Statistics.
|
| 650 |
|
7 |
|a Labor unions.
|2 fast
|0 (OCoLC)fst00990260
|
| 650 |
|
7 |
|a Prices.
|2 fast
|0 (OCoLC)fst01076207
|
| 650 |
|
7 |
|a Strikes and lockouts.
|2 fast
|0 (OCoLC)fst01135030
|
| 650 |
|
7 |
|a Wages.
|2 fast
|0 (OCoLC)fst01169492
|
| 651 |
|
7 |
|a United States.
|2 fast
|0 (OCoLC)fst01204155
|
| 655 |
|
7 |
|a Statistics.
|2 fast
|0 (OCoLC)fst01423727
|
| 655 |
|
7 |
|a Statistics.
|2 lcgft
|0 http://id.loc.gov/authorities/genreForms/gf2014026181
|
| 710 |
1 |
|
|a United States.
|b Department of the Interior,
|e issuing body.
|0 http://id.loc.gov/authorities/names/n80126051
|
| 710 |
1 |
|
|a United States.
|b Census Office,
|e issuing body.
|0 http://id.loc.gov/authorities/names/n79022306
|
| 776 |
0 |
8 |
|i Print version:
|a Weeks, Joseph D. (Joseph Dame), 1840-1896.
|t Report on the statistics of wages in manufacturing industries
|w (OCoLC)25523968
|
| 856 |
4 |
0 |
|u https://purl.fdlp.gov/GPO/gpo128276
|t 0
|
| 999 |
f |
f |
|s ccad05f7-b227-3aa2-8655-15dcbaddf3c9
|i c169d73b-06cb-34d6-afe0-73a3a5daa5d3
|t 0
|
| 952 |
f |
f |
|a Texas A&M University
|b College Station
|c Electronic Resources
|d Available Online
|t 0
|e I 11.5:20
|h Superintendent of Documents classification
|
| 998 |
f |
f |
|a I 11.5:20
|t 0
|l Available Online
|